[Event "C.to Regionale Sardegna"]
[Site "Sardara ITA"]
[Date "2011.05.22"]
[Round "4"]
[White "Dessy, Eugenio"]
[Black "Murtas, Gianvito"]
[Result "1-0"]
[WhiteElo "1679"]
[BlackElo "1751"]
[PlyCount "49"]
[EventDate "2011.05.23"]

1. e4 c5 2. Nc3 Nc6 3. f4 d6 4. Nf3 e6 5. Bb5 Bd7 6. d3 Be7 7. O-O Nf6 8. b3 a6
9. Bxc6 Bxc6 10. Qe1 Kd7 11. e5 Nd5 12. Nxd5 Bxd5 13. c4 Bc6 14. d4 d5 15. dxc5
Bxc5+ 16. Be3 Qb6 17. Bxc5 Qxc5+ 18. Kh1 Kc7 19. cxd5 exd5 20. Rc1 Qb6 21. e6
Rhe8 22. Qe5+ Kc8 23. exf7 Kd7 24. fxe8=Q+ Rxe8 25. Qf5+ 1-0

[Event "C.to Regionale Sardegna"]
[Site "Sardara ITA"]
[Date "2011.05.22"]
[Round "4"]
[White "Ibba, Isacco"]
[Black "Magrini, Fabrizio"]
[Result "0-1"]
[WhiteElo "2187"]
[BlackElo "2158"]
[PlyCount "34"]
[EventDate "2011.05.23"]

1. e4 c5 2. Nf3 d6 3. b4 cxb4 4. d4 Nf6 5. Bd3 g6 6. O-O Bg7 7. h3 O-O 8. Be3
Nc6 9. Qd2 d5 10. e5 Ne4 11. Bxe4 dxe4 12. Ng5 f6 13. Nxe4 f5 14. Ng3 f4 15.
Bxf4 Qxd4 16. Ne2 Qxa1 17. c3 Be6 0-1

[Event "C.to Regionale Sardegna"]
[Site "Sardara ITA"]
[Date "2011.05.22"]
[Round "4"]
[White "Maldarelli, Lorenzo"]
[Black "Altea, Alessandro"]
[Result "1-0"]
[WhiteElo "1813"]
[BlackElo "1813"]
[PlyCount "77"]
[EventDate "2011.05.23"]

1. d4 Nf6 2. c4 Nc6 3. Nf3 e6 4. Nc3 Bb4 5. Bg5 h6 6. Bxf6 Qxf6 7. e4 O-O 8. e5
Qe7 9. Bd3 d6 10. O-O Bxc3 11. bxc3 dxe5 12. dxe5 Rd8 13. Qe2 Rb8 14. Qe4 g6
15. h4 h5 16. Rad1 Qf8 17. g4 hxg4 18. Qxg4 Qg7 19. Qg5 b6 20. Be4 Rxd1 21.
Rxd1 Bb7 22. Kh2 Kh8 23. Rd7 Rc8 24. h5 gxh5 25. Qxh5+ Kg8 26. Rd1 f5 27. Rg1
Qxg1+ 28. Kxg1 fxe4 29. Ng5 Nxe5 30. Qh7+ Kf8 31. Qh8+ Ke7 32. Qxe5 c5 33. Qg7+
Kd6 34. Nf7+ Kc7 35. Qe5+ Kd7 36. Qd6+ Ke8 37. Qxe6+ Kf8 38. Nd6 Rc7 39. Nxb7
1-0

[Event "C.to Regionale Sardegna"]
[Site "Sardara ITA"]
[Date "2011.05.22"]
[Round "4"]
[White "Murgia, Stefano"]
[Black "Mallo', Danilo"]
[Result "0-1"]
[WhiteElo "1718"]
[BlackElo "1930"]
[PlyCount "96"]
[EventDate "2011.05.23"]

1. e4 g6 2. d4 Bg7 3. Nc3 d6 4. Be3 Nf6 5. f3 O-O 6. Qd2 Re8 7. O-O-O Nc6 8. g4
a6 9. Nge2 b5 10. g5 Nd7 11. h4 Nb6 12. Ng3 e5 13. d5 Nd4 14. Qf2 f5 15. gxf6
Qxf6 16. h5 g5 17. h6 Bh8 18. Nh5 Qxf3 19. Qg1 g4 20. Bg2 Qf7 21. Rf1 Qg6 22.
Ng3 Bd7 23. Rh5 Bf6 24. Bh3 Nf3 25. Qf2 Nc4 26. Nce2 Nxe3 27. Qxe3 Bg5 28. Rxg5
Qxg5 29. Rxf3 Qxe3+ 30. Rxe3 gxh3 31. Nf5 Bxf5 32. exf5 h2 33. Rh3 Rf8 34. Ng3
Rf6 35. Rxh2 Kf7 36. Rh5 Rg8 37. Ne4 Ke7 38. Nxf6 Kxf6 39. Rh2 Rg5 40. Kd2 Rxf5
41. Rg2 Rg5 42. Rf2+ Ke7 43. Rh2 Rg4 44. Ke3 Rd4 45. Rg2 Rf4 46. Rg7+ Rf7 47.
Ke4 Rxg7 48. hxg7 Kf7 0-1

[Event "C.to Regionale Sardegna"]
[Site "Sardara ITA"]
[Date "2011.05.22"]
[Round "4"]
[White "Neri, Enzo"]
[Black "Palmas, Alessandro"]
[Result "1-0"]
[WhiteElo "2099"]
[BlackElo "1826"]
[PlyCount "71"]
[EventDate "2011.05.23"]

1. d4 Nf6 2. c4 d5 3. cxd5 Qxd5 4. Nc3 Qa5 5. Bd2 c6 6. e4 Qc7 7. Rc1 Nbd7 8.
e5 Ng8 9. Bd3 Nb6 10. Qe2 Be6 11. b4 Rd8 12. Nf3 Nd5 13. Ne4 Bg4 14. Nd6+ Rxd6
15. exd6 Qxd6 16. b5 e6 17. bxc6 Bxf3 18. gxf3 b6 19. c7 Nxc7 20. Bb5+ Kd8 21.
Qc4 Nf6 22. O-O h5 23. Qc6 Nxb5 24. Qxb5 Qb8 25. Bg5 Bd6 26. h4 Ke7 27. d5 Bc5
28. Rxc5 bxc5 29. Qxc5+ Ke8 30. Rc1 Rg8 31. Qc6+ Ke7 32. d6+ Qxd6 33. Qb7+ Kf8
34. Rc8+ Ne8 35. Rxe8+ Kxe8 36. Qc8+ 1-0

[Event "C.to Regionale Sardegna"]
[Site "Sardara ITA"]
[Date "2011.05.22"]
[Round "4"]
[White "Neri, Luca"]
[Black "Erriu, Giampiero"]
[Result "1-0"]
[WhiteElo "1639"]
[BlackElo "1734"]
[PlyCount "69"]
[EventDate "2011.05.23"]

1. e4 e6 2. d4 d5 3. Nc3 Bb4 4. e5 c5 5. Nf3 Ne7 6. dxc5 Bxc5 7. Bd3 Nf5 8.
Bxf5 exf5 9. Qxd5 Qxd5 10. Nxd5 Na6 11. O-O O-O 12. Be3 Bxe3 13. Nxe3 b6 14.
Rfd1 Bb7 15. Nxf5 Bxf3 16. gxf3 g6 17. Ne3 Rfd8 18. c3 Nc5 19. Rxd8+ Rxd8 20.
b4 Ne6 21. Rd1 Rxd1+ 22. Nxd1 Kf8 23. Kf1 Nf4 24. Nb2 Ke7 25. Ke1 Ke6 26. Kd2
Kxe5 27. Nd3+ Nxd3 28. Kxd3 Kf4 29. Ke2 g5 30. c4 f5 31. Kd3 Kxf3 32. c5 Kxf2
33. c6 f4 34. c7 Kg2 35. c8=Q 1-0

[Event "C.to Regionale Sardegna"]
[Site "Sardara ITA"]
[Date "2011.05.22"]
[Round "4"]
[White "Nessi, Davide"]
[Black "Masala, Diego"]
[Result "1-0"]
[WhiteElo "1756"]
[BlackElo "1849"]
[PlyCount "47"]
[EventDate "2011.05.23"]

1. e4 Nf6 2. e5 Nd5 3. Nf3 Nc6 4. d4 d6 5. Bb5 Bd7 6. c4 Nb6 7. e6 fxe6 8. c5
Nd5 9. Ng5 Nf6 10. Nc3 g6 11. h4 Bg7 12. h5 O-O 13. Be3 Nb4 14. Qb3 Nbd5 15.
Bc4 c6 16. hxg6 hxg6 17. O-O-O Qc8 18. Rh4 Nc7 19. Rdh1 d5 20. Bd3 Be8 21. Qc2
e5 22. dxe5 Nd7 23. Bxg6 Bxe5 24. Bxe8 1-0

[Event "C.to Regionale Sardegna"]
[Site "Sardara ITA"]
[Date "2011.05.22"]
[Round "4"]
[White "Pannella, Antonello"]
[Black "Cao, Carlo"]
[Result "0-1"]
[WhiteElo "1511"]
[BlackElo "1461"]
[PlyCount "96"]
[EventDate "2011.05.23"]

1. c4 e5 2. Nc3 Nf6 3. g3 Bc5 4. Bg2 O-O 5. e3 Re8 6. Nge2 c6 7. O-O d5 8. cxd5
cxd5 9. Qc2 d4 10. Na4 Be7 11. d3 Nc6 12. Bd2 e4 13. Nf4 exd3 14. Nxd3 Bf5 15.
Rfd1 Ne5 16. e4 Rc8 17. Qb3 Be6 18. Qb5 Nxd3 19. Qxd3 Bc4 20. Qf3 b5 21. b3 Be6
22. Nb2 Bg4 23. Qd3 Bxd1 24. Rxd1 Qb6 25. Bf4 Red8 26. h4 Rc3 27. Qb1 a5 28.
Nd3 Nd7 29. Bd2 Rcc8 30. Kh2 h6 31. Nf4 Nf6 32. f3 Bd6 33. Nd3 Qb8 34. f4 Ng4+
35. Kh3 h5 36. Bf3 Qc7 37. Rc1 Qd7 38. Rxc8 Rxc8 39. f5 g6 40. Bxg4 hxg4+ 41.
Kxg4 gxf5+ 42. exf5 Kh8 43. Qf1 Rg8+ 44. Bg5 f6 45. Qh3 Qh7 46. Kf3 fxg5 47. g4
Qxh4 48. Qxh4+ gxh4 0-1

[Event "C.to Regionale Sardegna"]
[Site "Sardara ITA"]
[Date "2011.05.22"]
[Round "4"]
[White "Passalacqua, Tullio"]
[Black "Pitzanti, Matteo"]
[Result "0-1"]
[WhiteElo "1479"]
[BlackElo "1500"]
[PlyCount "85"]
[EventDate "2011.05.23"]

1. d4 d5 2. c4 e6 3. Nc3 Nf6 4. cxd5 exd5 5. Bg5 Be7 6. Nf3 Bf5 7. Rc1 c6 8. e3
O-O 9. Qb3 b6 10. h3 Nbd7 11. Nh4 Bg6 12. Nxg6 fxg6 13. Bd3 Kh8 14. Ne2 Rc8 15.
Nf4 Qe8 16. h4 Nh5 17. Nxh5 gxh5 18. Qc2 g6 19. Ba6 Rc7 20. Bf4 Rxf4 21. exf4
Bf6+ 22. Be2 c5 23. Rh3 Bxd4 24. Rd1 Qd8 25. f5 gxf5 26. Rf3 Nf6 27. Rxf5 Ne4
28. Bd3 Nxf2 29. Rxf2 Bxf2+ 30. Qxf2 Qe8+ 31. Kd2 Rf7 32. Qe3 Qf8 33. Qe5+ Kg8
34. Qxd5 Qh6+ 35. Kc2 Kf8 36. Rf1 Rxf1 37. Bxf1 Qg6+ 38. Bd3 Qe8 39. Bc4 Qg6+
40. Kb3 Qg3+ 41. Ka4 b5+ 42. Kxb5 Qb8+ 43. Ka4 0-1

[Event "C.to Regionale Sardegna"]
[Site "Sardara ITA"]
[Date "2011.05.22"]
[Round "4"]
[White "Pitzanti, Aldo"]
[Black "Sanna, Yuri"]
[Result "0-1"]
[WhiteElo "1401"]
[BlackElo "1779"]
[PlyCount "72"]
[EventDate "2011.05.23"]

1. d4 e5 2. e4 exd4 3. Qxd4 Nc6 4. Qd1 Nf6 5. Bg5 Bc5 6. Nc3 d6 7. Bxf6 Qxf6 8.
Nf3 Bb4 9. Qd2 Bd7 10. Be2 Ne5 11. Nxe5 dxe5 12. O-O O-O-O 13. a3 Bxc3 14. Qxc3
h5 15. b4 g5 16. b5 h4 17. Qe3 Kb8 18. c4 h3 19. g3 c6 20. a4 Qe7 21. c5 Rdf8
22. Rfb1 f5 23. bxc6 Bxc6 24. exf5 Rxf5 25. Bb5 Qf6 26. Bxc6 Qxc6 27. Kf1 Rhf8
28. Ke2 Rxf2+ 29. Qxf2 Rxf2+ 30. Kxf2 Qxc5+ 31. Ke2 Qc2+ 32. Ke1 Qxh2 33. Kd1
Qxg3 34. Kc1 Qc3+ 35. Kd1 h2 36. Rc1 h1=Q+ 0-1

[Event "C.to Regionale Sardegna"]
[Site "Sardara ITA"]
[Date "2011.05.22"]
[Round "4"]
[White "Putzolu, Marcello"]
[Black "Camboni, Paolo"]
[Result "1-0"]
[WhiteElo "1824"]
[BlackElo "1875"]
[PlyCount "81"]
[EventDate "2011.05.23"]

1. e4 e5 2. Nf3 Nc6 3. Bc4 Be7 4. d3 Nf6 5. Nc3 O-O 6. O-O d6 7. h3 Na5 8. Bb3
Nxb3 9. axb3 Be6 10. Be3 Nh5 11. Nxe5 dxe5 12. Qxh5 f5 13. f4 exf4 14. Bxf4 g5
15. Be5 f4 16. Qh6 Bf6 17. Bxf6 Qxf6 18. Qxf6 Rxf6 19. Nb5 c6 20. Nc7 Raf8 21.
Nxe6 Rxe6 22. Rxa7 Rf7 23. Rfa1 Kg7 24. R1a4 Kg6 25. Rb4 Ree7 26. Kf2 h5 27.
Kf3 h4 28. Rc4 Rh7 29. Rc5 Kh5 30. Raa5 Rhg7 31. Rf5 Kh6 32. Rf6+ Kh7 33. Kg4
b5 34. Rxc6 Ref7 35. Kf3 Rb7 36. Rc5 Kh6 37. Rcxb5 Rxb5 38. Rxb5 Ra7 39. Kg4
Ra2 40. Rxg5 Rxb2 41. Rc5 1-0

[Event "C.to Regionale Sardegna"]
[Site "Sardara ITA"]
[Date "2011.05.22"]
[Round "4"]
[White "Saccheri, Fabio"]
[Black "Di Pinto, Vincenzo"]
[Result "0-1"]
[WhiteElo "1875"]
[BlackElo "1622"]
[PlyCount "96"]
[EventDate "2011.05.23"]

1. d4 d5 2. Nf3 Nf6 3. g3 g6 4. c4 Bg7 5. Nc3 c6 6. Bg2 O-O 7. O-O Nbd7 8. Bf4
h6 9. h4 Nh5 10. Bd2 dxc4 11. e4 Nb6 12. Be3 Bg4 13. Qd2 Kh7 14. a4 a5 15. Nh2
Qc8 16. d5 Ra6 17. f3 Bh3 18. Qf2 Bxg2 19. Kxg2 Nd7 20. Rad1 Ne5 21. f4 Nd3 22.
Rxd3 cxd3 23. Rd1 cxd5 24. Nxd5 Rc6 25. Rxd3 Rc2 26. Rd2 Rxd2 27. Qxd2 Qc4 28.
Kf3 Nf6 29. Nc3 Rc8 30. g4 Ne8 31. e5 f6 32. g5 fxe5 33. gxh6 Bxh6 34. f5 Bxe3
35. fxg6+ Kg7 36. Qxe3 Qc6+ 37. Kg4 Qxg6+ 38. Kh3 Qf5+ 39. Kg2 Rc6 40. Nf3 Rg6+
41. Kf2 Nf6 42. Qc5 Qc2+ 43. Ke1 Qc1+ 44. Kf2 Ng4+ 45. Ke2 Rd6 46. Nxe5 Qxb2+
47. Kf3 Rf6+ 48. Ke4 Re6 0-1

[Event "C.to Regionale Sardegna"]
[Site "Sardara ITA"]
[Date "2011.05.22"]
[Round "4"]
[White "Serra, Emanuele"]
[Black "Mameli, Gianluca"]
[Result "1-0"]
[WhiteElo "1786"]
[BlackElo "1945"]
[PlyCount "161"]
[EventDate "2011.05.23"]

1. c4 f5 2. Nc3 Nf6 3. Nf3 Nc6 4. g3 e6 5. Bg2 Be7 6. b3 O-O 7. d4 d6 8. Bb2
Qe8 9. Nb5 Bd8 10. e3 Bd7 11. Nd2 Nb4 12. O-O Bxb5 13. cxb5 Qxb5 14. Nc4 Nbd5
15. Rc1 Qe8 16. a3 g5 17. Qc2 Qg6 18. Nd2 Rf7 19. e4 fxe4 20. Nxe4 Nxe4 21.
Bxe4 Qh5 22. Rce1 c6 23. Bg2 Qg4 24. Re4 Qf5 25. Qe2 Rf6 26. Re1 Nc7 27. f4 g4
28. d5 cxd5 29. Bxf6 dxe4 30. Bxd8 Rxd8 31. Bxe4 Qc5+ 32. Kh1 h5 33. Qb2 Kf7
34. Rc1 Qb6 35. Qc2 Na6 36. Bg6+ Kf8 37. Bxh5 Qe3 38. Bxg4 Nc5 39. Rf1 Rd7 40.
Rf3 Qe1+ 41. Kg2 Rg7 42. Bh5 Qe4 43. Qxe4 Nxe4 44. Re3 Nf6 45. Bf3 Re7 46. g4
Kf7 47. g5 Ne8 48. h4 Ng7 49. h5 Nf5 50. Rd3 Nh4+ 51. Kh3 Nf5 52. Be4 Rc7 53.
Bxf5 exf5 54. Kg2 Ke7 55. Kf2 Ke6 56. Ke3 b6 57. Kd4 Rh7 58. h6 Rh8 59. Rh3 Kf7
60. Kd5 Kg6 61. Kxd6 Rh7 62. Rc3 Rh8 63. Rc7 Rd8+ 64. Kc6 Ra8 65. Kb7 Rh8 66.
Kxa7 Kh5 67. Kxb6 Kg4 68. Rc4 Rb8+ 69. Kc7 Rxb3 70. a4 Re3 71. Kd6 Rd3+ 72. Ke5
Re3+ 73. Kd5 Re8 74. Kd6 Ra8 75. Ke7 Ra7+ 76. Kd8 Rh7 77. Kc8 Ra7 78. Kb8 Rh7
79. a5 Rh8+ 80. Rc8 Rh7 81. g6 1-0

[Event "C.to Regionale Sardegna"]
[Site "Sardara ITA"]
[Date "2011.05.22"]
[Round "4"]
[White "Toniolo, Massimo"]
[Black "Ricci, Maurizio"]
[Result "1-0"]
[WhiteElo "1748"]
[BlackElo "1287"]
[PlyCount "45"]
[EventDate "2011.05.23"]

1. e4 e5 2. Nf3 Nc6 3. Bc4 Nf6 4. O-O Bc5 5. c3 a6 6. d4 Ba7 7. Bg5 b5 8. Bd5
Bb7 9. dxe5 h6 10. exf6 hxg5 11. fxg7 Rg8 12. Ne5 Nxe5 13. Bxb7 Rb8 14. Bd5
Rxg7 15. Nd2 c6 16. Bb3 Qf6 17. Nf3 Rd8 18. Nxe5 Qxe5 19. Qg4 Bb8 20. Qg3 Qxe4
21. Qh3 Rh7 22. Rae1 Rxh3 23. Rxe4+ 1-0

[Event "C.to Regionale Sardegna"]
[Site "Sardara ITA"]
[Date "2011.05.28"]
[Round "5"]
[White "Altea, Giovanni"]
[Black "Ibba, Isacco"]
[Result "0-1"]
[WhiteElo "1896"]
[BlackElo "2187"]
[PlyCount "54"]
[EventDate "2011.05.23"]

1. c4 b6 2. Nc3 Bb7 3. Nf3 e6 4. e3 f5 5. Be2 Nf6 6. b3 Bb4 7. Bb2 O-O 8. a3
Bxc3 9. Bxc3 d6 10. Qc2 Nbd7 11. Nd4 Qe8 12. Bf3 Bxf3 13. gxf3 a6 14. Qd1 c5
15. Ne2 Ne5 16. Nf4 Qc6 17. Bxe5 dxe5 18. Nd3 Qd6 19. Nb2 Rad8 20. Qc2 e4 21.
f4 e5 22. fxe5 Qxe5 23. Rd1 f4 24. Na4 Ng4 25. Rf1 Nxh2 26. Rh1 Qh5 27. Rxh2
Qxh2 0-1

[Event "C.to Regionale Sardegna"]
[Site "Sardara ITA"]
[Date "2011.05.28"]
[Round "5"]
[White "Boi, Fausto"]
[Black "Pitzanti, Matteo"]
[Result "0-1"]
[WhiteElo "1812"]
[BlackElo "1500"]
[PlyCount "84"]
[EventDate "2011.05.23"]

1. e3 e5 2. d3 d5 3. Ne2 Bd6 4. Nd2 Ne7 5. b3 O-O 6. Bb2 f5 7. Nf3 Ng6 8. g3
Re8 9. Qd2 f4 10. gxf4 exf4 11. O-O-O fxe3 12. fxe3 Bg4 13. Bg2 Qe7 14. Nfd4 c6
15. e4 Bc5 16. Kb1 a5 17. h3 Bxd4 18. Bxd4 Bxe2 19. Qxe2 c5 20. Ba1 d4 21. Rhf1
b5 22. e5 Ra6 23. Bd5+ Kh8 24. e6 Rd6 25. Rf7 Qxf7 26. Rf1 Qe7 27. Qg2 Rf8 28.
Rxf8+ Nxf8 29. Be4 Nxe6 30. h4 Nd7 31. c3 Nf6 32. Bf5 Nf4 33. Qa8+ Rd8 34. Qxa5
Qe1+ 35. Kb2 Qxc3+ 36. Qxc3 dxc3+ 37. Kxc3 N4d5+ 38. Kd2 Ra8 39. a4 bxa4 40.
bxa4 Rxa4 41. Bb2 Rxh4 42. Kc2 Ne3+ 0-1

[Event "C.to Regionale Sardegna"]
[Site "Sardara ITA"]
[Date "2011.05.28"]
[Round "5"]
[White "Camboni, Paolo"]
[Black "Saccheri, Fabio"]
[Result "1/2-1/2"]
[WhiteElo "1875"]
[BlackElo "1875"]
[PlyCount "100"]
[EventDate "2011.05.23"]

1. e4 e5 2. Nf3 Nc6 3. Bb5 Nge7 4. O-O g6 5. Re1 a6 6. Ba4 Bg7 7. a3 b5 8. Bb3
d6 9. c3 O-O 10. d3 Be6 11. Bxe6 fxe6 12. Be3 d5 13. Qc1 Na5 14. Nbd2 Rc8 15.
b4 Nb7 16. Nb3 Nc6 17. Ra2 a5 18. Rae2 a4 19. Nc5 Nxc5 20. Bxc5 Re8 21. Rc2 Bf8
22. Bxf8 Rxf8 23. Qh6 Qe7 24. Ng5 Rf4 25. g3 Rf6 26. f4 d4 27. c4 exf4 28. e5
Rf5 29. gxf4 Rxf4 30. cxb5 Rg4+ 31. Rg2 Rxg2+ 32. Kxg2 Nd8 33. Rf1 Qg7 34.
Qxg7+ Kxg7 35. Rf6 Rb8 36. Nxe6+ Nxe6 37. Rxe6 Kf7 38. Rc6 Rxb5 39. Rxc7+ Ke6
40. Rxh7 Rxe5 41. Ra7 Re3 42. Rxa4 Rxd3 43. Ra6+ Kd5 44. Rxg6 Rxa3 45. h4 Rb3
46. Rb6 Re3 47. Kf2 Re7 48. Rb8 Rh7 49. Kg3 d3 50. Rd8+ Ke4 1/2-1/2

[Event "C.to Regionale Sardegna"]
[Site "Sardara ITA"]
[Date "2011.05.28"]
[Round "5"]
[White "Cao, Carlo"]
[Black "Murgia, Stefano"]
[Result "0-1"]
[WhiteElo "1461"]
[BlackElo "1718"]
[PlyCount "46"]
[EventDate "2011.05.23"]

1. e4 d6 2. d4 f5 3. f3 Nf6 4. Nc3 g6 5. Be3 Bg7 6. Qd2 O-O 7. O-O-O fxe4 8.
Nxe4 Bf5 9. Bd3 Nc6 10. Nxf6+ Rxf6 11. Bxf5 Rxf5 12. g4 Rf7 13. h4 e5 14. d5
Nd4 15. Bxd4 exd4 16. f4 Qf8 17. Ne2 Re8 18. Rdf1 Re4 19. g5 Qe8 20. Rf2 Rfe7
21. Re1 Re3 22. Kd1 Qa4 23. a3 d3 0-1

[Event "C.to Regionale Sardegna"]
[Site "Sardara ITA"]
[Date "2011.05.28"]
[Round "5"]
[White "Caredda, Giuseppe"]
[Black "Pitzanti, Aldo"]
[Result "1-0"]
[WhiteElo "1608"]
[BlackElo "1401"]
[PlyCount "77"]
[EventDate "2011.05.23"]

1. d4 d5 2. c4 e6 3. Nf3 Nf6 4. Nc3 a6 5. Bg5 Be7 6. e3 Nc6 7. a3 b6 8. Bd3 O-O
9. O-O dxc4 10. Bxc4 Bd6 11. d5 Ne7 12. Bxf6 gxf6 13. dxe6 Bxe6 14. Bxe6 fxe6
15. Nd4 Qd7 16. Qg4+ Kf7 17. Qh5+ Kg7 18. Ne4 Ng6 19. f4 f5 20. Ng5 Kh8 21. Rf3
Rf6 22. Rh3 Nf8 23. Qf3 Rb8 24. Rd1 Rg6 25. Ndxe6 Rxe6 26. Nxe6 Qxe6 27. Qf1 b5
28. b4 c5 29. bxc5 Bxc5 30. Rd3 b4 31. Qa1+ Kg8 32. Rg3+ Ng6 33. axb4 Bxb4 34.
h4 h5 35. Qd1 Be7 36. Qxh5 Bxh4 37. Rxg6+ Qxg6 38. Qxg6+ Kf8 39. Qd6+ 1-0

[Event "C.to Regionale Sardegna"]
[Site "Sardara ITA"]
[Date "2011.05.28"]
[Round "5"]
[White "Di Pinto, Vincenzo"]
[Black "Deruda, Leonardo"]
[Result "0-1"]
[WhiteElo "1622"]
[BlackElo "1930"]
[PlyCount "43"]
[EventDate "2011.05.23"]

1. d4 Nf6 2. Nf3 g6 3. Bg5 Bg7 4. c4 h6 5. Bh4 d6 6. Nc3 Nbd7 7. Qc2 O-O 8. e3
c6 9. Bd3 e5 10. Ne4 Qa5+ 11. Nfd2 exd4 12. exd4 Nxe4 13. Bxe4 f5 14. Bd3 Re8+
15. Kf1 Nf6 16. Bg3 Qd8 17. c5 dxc5 18. Qxc5 Nh5 19. Nb3 Be6 20. f3 Bxb3 21.
axb3 Qxd4 22. Qc2 0-1

[Event "C.to Regionale Sardegna"]
[Site "Sardara ITA"]
[Date "2011.05.28"]
[Round "5"]
[White "Magrini, Fabrizio"]
[Black "Belvisi, Ivano"]
[Result "1-0"]
[WhiteElo "2158"]
[BlackElo "2003"]
[PlyCount "79"]
[EventDate "2011.05.23"]

1. e4 e5 2. Nf3 Nc6 3. Bc4 Nf6 4. Ng5 d5 5. exd5 Na5 6. Bb5+ c6 7. dxc6 bxc6 8.
Qf3 Rb8 9. Bd3 Be7 10. b3 h6 11. Ne4 Nxe4 12. Qxe4 Qd5 13. Bb2 Qxe4+ 14. Bxe4
f5 15. Bf3 Bf6 16. Bc3 e4 17. Bxf6 gxf6 18. Bh5+ Ke7 19. Nc3 Rg8 20. g3 c5 21.
Nd5+ Kd6 22. Nf4 Nc6 23. O-O-O c4 24. Bf7 Rg7 25. Bxc4 Ne5 26. Be2 Bb7 27. Rhe1
Rc7 28. d3 Ke7 29. d4 Nf7 30. Bc4 Nd6 31. Bd5 Rbc8 32. c4 Bxd5 33. Nxd5+ Ke6
34. Nf4+ Kf7 35. c5 Nb5 36. Kb2 a5 37. a3 Na7 38. h4 a4 39. b4 Nc6 40. Kc3 1-0

[Event "C.to Regionale Sardegna"]
[Site "Sardara ITA"]
[Date "2011.05.28"]
[Round "5"]
[White "Mameli, Gianluca"]
[Black "Altea, Alessandro"]
[Result "1/2-1/2"]
[WhiteElo "1945"]
[BlackElo "1813"]
[PlyCount "140"]
[EventDate "2011.05.23"]

1. e4 c5 2. d4 cxd4 3. c3 Nf6 4. e5 Nd5 5. Nf3 e6 6. cxd4 Nc6 7. Nc3 Nb6 8. Bf4
d6 9. Bb5 d5 10. O-O Be7 11. Qd2 O-O 12. Rac1 a6 13. Bd3 Nb4 14. Bb1 Bd7 15. b3
Rc8 16. Rfe1 Na8 17. h4 Bxh4 18. Nxh4 Qxh4 19. Bg5 Qg4 20. Be7 Nc6 21. Bxf8
Rxf8 22. Red1 f6 23. exf6 Rxf6 24. Ne2 Qh4 25. f3 Nc7 26. Qe1 Qh6 27. Qd2 Qh4
28. a4 Ne8 29. Qe1 Qh6 30. Ng3 Nd6 31. Qd2 Qh4 32. Kf2 Nf5 33. Bxf5 exf5 34.
Rh1 Qxd4+ 35. Qxd4 Nxd4 36. Rc7 Bc6 37. Nh5 Rf7 38. Rxf7 Kxf7 39. Rb1 Ne6 40.
Ng3 g6 41. Ne2 Kf6 42. Rd1 Ke5 43. Ke3 f4+ 44. Kd3 h5 45. Nd4 Nxd4 46. Re1+ Kf5
47. Kxd4 Kg5 48. Ke5 Kh4 49. Kxf4 g5+ 50. Kf5 Bd7+ 51. Ke5 Kg3 52. Re2 Bc6 53.
Kf5 g4 54. fxg4 hxg4 55. Ke5 d4 56. Kxd4 Bxg2 57. Ke3 Bc6 58. Rd2 Kh3 59. Kf2
g3+ 60. Kg1 g2 61. Rf2 Kg3 62. Rf8 Kg4 63. Rf6 Kg5 64. Rf8 Kg6 65. Rf4 Kg5 66.
Rc4 Kf5 67. Kf2 Ke5 68. Rg4 Kf5 69. Rg7 Kf4 70. Rg3 Bd5 1/2-1/2

[Event "C.to Regionale Sardegna"]
[Site "Sardara ITA"]
[Date "2011.05.28"]
[Round "5"]
[White "Marano, Daniele"]
[Black "Maldarelli, Lorenzo"]
[Result "1-0"]
[WhiteElo "1663"]
[BlackElo "1813"]
[PlyCount "67"]
[EventDate "2011.05.23"]

1. e4 c5 2. Nc3 d6 3. g3 Nc6 4. Bg2 g6 5. d3 Bg7 6. Nge2 e5 7. O-O Nge7 8. f4
Bg4 9. h3 Be6 10. Be3 Qd7 11. Kh2 h5 12. fxe5 Nxe5 13. Nf4 O-O-O 14. d4 cxd4
15. Bxd4 N7c6 16. Nb5 Bc4 17. Nxa7+ Nxa7 18. Bxa7 Bxf1 19. Qxf1 Qa4 20. Bb6 Rd7
21. Nd5 Qc4 22. Qe1 Qa6 23. Qc3+ Kb8 24. Bc7+ Ka7 25. Qe3+ b6 26. Bf1 Rxc7 27.
Bxa6 Rxc2+ 28. Be2 Nc4 29. Qd3 Rxb2 30. Qxc4 Rxe2+ 31. Qxe2 Bxa1 32. Qb5 Rb8
33. a4 Bd4 34. Nb4 1-0

[Event "C.to Regionale Sardegna"]
[Site "Sardara ITA"]
[Date "2011.05.28"]
[Round "5"]
[White "Murtas, Gianvito"]
[Black "Corona, Rafaele"]
[Result "0-1"]
[WhiteElo "1751"]
[BlackElo "1437"]
[PlyCount "44"]
[EventDate "2011.05.23"]

1. e4 d5 2. exd5 Qxd5 3. Nc3 Qa5 4. d4 Bf5 5. Nf3 Nf6 6. Bd2 c6 7. b4 Qc7 8. b5
e6 9. Be2 Bd6 10. O-O O-O 11. Bg5 Nbd7 12. Qd2 Rac8 13. Rfe1 Bb4 14. Bxf6 Nxf6
15. Bd3 cxb5 16. Qg5 Bxc3 17. Bxf5 exf5 18. Nh4 Ne4 19. Rxe4 fxe4 20. Nf5 f6
21. Qg4 Bxa1 22. Qxe4 Rfe8 0-1

[Event "C.to Regionale Sardegna"]
[Site "Sardara ITA"]
[Date "2011.05.28"]
[Round "5"]
[White "Murtas, Paolo"]
[Black "Erriu, Giampiero"]
[Result "0-1"]
[WhiteElo "1515"]
[BlackElo "1734"]
[PlyCount "98"]
[EventDate "2011.05.23"]

1. d4 Nf6 2. Nf3 e6 3. c4 b6 4. g3 Bb7 5. Bg2 Be7 6. O-O d5 7. Nc3 O-O 8. cxd5
Nxd5 9. Nxd5 Bxd5 10. Bf4 Nd7 11. Rc1 Rc8 12. Ne5 Bxg2 13. Kxg2 Nxe5 14. dxe5
Bc5 15. b3 a5 16. Qc2 Qd5+ 17. e4 Qb7 18. Rcd1 Rcd8 19. Bg5 Ra8 20. Rfe1 c6 21.
Be3 Bxe3 22. Rxe3 c5 23. Red3 Qxe4+ 24. f3 Qxe5 25. Rd6 Rab8 26. Qd3 h6 27. f4
Qf6 28. Rd7 Rfe8 29. Qe4 Red8 30. Rxd8+ Rxd8 31. Rxd8+ Qxd8 32. Qe3 Kf8 33. Qc3
f6 34. Qe3 Ke7 35. Kf2 Qd4 36. Kf3 Qxe3+ 37. Kxe3 Kd6 38. Kd3 Kd5 39. h3 b5 40.
g4 e5 41. fxe5 fxe5 42. h4 c4+ 43. bxc4+ bxc4+ 44. Ke3 Kc5 45. h5 Kb4 46. Ke4
c3 47. Kd3 e4+ 48. Kc2 Kc4 49. Kd1 Kd3 0-1

[Event "C.to Regionale Sardegna"]
[Site "Sardara ITA"]
[Date "2011.05.28"]
[Round "5"]
[White "Palmas, Alessandro"]
[Black "Sanna, Yuri"]
[Result "1/2-1/2"]
[WhiteElo "1826"]
[BlackElo "1779"]
[PlyCount "62"]
[EventDate "2011.05.23"]

1. d4 d5 2. c4 e5 3. dxe5 d4 4. a3 f6 5. exf6 Nxf6 6. Nf3 c5 7. Bf4 Nc6 8. g3
Qb6 9. b3 Bf5 10. Nbd2 Nh5 11. Nh4 Bd7 12. Qc2 Nxf4 13. gxf4 O-O-O 14. Bg2 d3
15. Qxd3 g5 16. fxg5 Bg7 17. Rb1 Rhf8 18. Bh3 Bd4 19. O-O Ne5 20. Bxd7+ Rxd7
21. Qh3 Rf4 22. Kh1 Bxf2 23. Ndf3 Ng4 24. Rbd1 Rxd1 25. Rxd1 Qxb3 26. Rf1 Bxh4
27. Qxh4 Qxc4 28. Qxh7 Qxe2 29. Qh8+ Kc7 30. Qh7+ Kd8 31. Qh8+ Kc7 1/2-1/2

[Event "C.to Regionale Sardegna"]
[Site "Sardara ITA"]
[Date "2011.05.28"]
[Round "5"]
[White "Putzolu, Marcello"]
[Black "Neri, Enzo"]
[Result "1/2-1/2"]
[WhiteElo "1824"]
[BlackElo "2099"]
[PlyCount "50"]
[EventDate "2011.05.23"]

1. d4 Nf6 2. c4 e6 3. a3 b6 4. Nc3 Bb7 5. Nf3 d5 6. cxd5 Nxd5 7. Nxd5 Bxd5 8.
e3 a5 9. Bb5+ c6 10. Bd3 Bxf3 11. Qxf3 Be7 12. Be4 Qd7 13. Bd2 Ra7 14. O-O f5
15. Bc2 Na6 16. Bb3 O-O 17. Rae1 c5 18. Bc3 Rc7 19. Rd1 c4 20. Ba2 Qd5 21. Be1
Qxf3 22. gxf3 Re8 23. d5 exd5 24. Rxd5 g6 25. Rd4 Bf6 1/2-1/2

[Event "C.to Regionale Sardegna"]
[Site "Sardara ITA"]
[Date "2011.05.28"]
[Round "5"]
[White "Puzzoni, Christian"]
[Black "Nessi, Davide"]
[Result "1-0"]
[WhiteElo "2089"]
[BlackElo "1756"]
[PlyCount "81"]
[EventDate "2011.05.23"]

1. c4 c5 2. Nc3 Nf6 3. d4 cxd4 4. Qxd4 Nc6 5. Qh4 d5 6. Bg5 dxc4 7. Nf3 Qb6 8.
O-O-O Be6 9. e3 Rc8 10. Bxc4 Bxc4 11. Qxc4 e6 12. Bxf6 gxf6 13. Qd3 Rd8 14. Qb5
Be7 15. Qxb6 axb6 16. Rxd8+ Bxd8 17. Rd1 Rg8 18. g3 Ne5 19. Nxe5 fxe5 20. Nb5
Bf6 21. Rd6 Bd8 22. Rd3 Rg4 23. b3 h5 24. Nd6+ Ke7 25. Nxf7 Kxf7 26. Rxd8 Ke7
27. Rb8 h4 28. Rxb7+ Kf6 29. Rxb6 hxg3 30. hxg3 Rg7 31. a4 Rc7+ 32. Kb2 Rd7 33.
a5 Rd2+ 34. Ka3 Rxf2 35. a6 Rf1 36. Kb4 Ra1 37. Kb5 Ke7 38. g4 Ra3 39. b4 Rxe3
40. a7 Ra3 41. Ra6 1-0